000 00695cam a22002413a 4500
001 11508
003 PGUSA
005 20140828083237.0
008 040301s2004||||xxu|||||s|||||000 | eng d
040 _aPGUSA
_beng
042 _adc
050 4 _aF850.5
100 1 _aThompson, William,
_d1846-1934
245 1 0 _aReminiscences of a Pioneer
_h[electronic resource] /
_cWilliam Thompson
260 _bProject Gutenberg,
_c2004
506 _aPublic domain in the USA.
516 _aElectronic text
653 _aModoc Indians -- Wars
653 _aFrontier and pioneer life -- Oregon
830 0 _aProject Gutenberg
_v11508
856 4 0 _uhttp://www.gutenberg.org/ebooks/11508
942 _cEB
999 _c240763
_d240763